| 000 | 00000nas 2200000za 4500 |
| 001 | 9.817555 |
| 003 | CaOODSP |
| 005 | 20221107142514 |
| 007 | cr ||||||||||| |
| 008 | 160512d19481951oncar p oss f000#a0eng|d |
| 022 | |y0317-5332 |
| 040 | |aCaOODSP|beng |
| 043 | |an-cn--- |
| 086 | 1 |aCS52-207E-PDF |
| 245 | 00|aStatistics of steam railways for the year ended December 31, ... |h[electronic resource]. |
| 246 | 14|aSteam railways |
| 260 | |aOttawa : |bTransportation Division, Dominion Bureau of Statistics, |c[1950?]-1953. |
| 310 | |aAnnual |
| 362 | 0 |a1948-1951. |
| 500 | |aDigitized edition from print [produced by Statistics Canada]. |
| 500 | |aVol. for 1951 issued in 3 pts. |
| 550 | |aIssued 1949-1951 by Transportation Section. |
| 580 | |aSplit into: Railway transport. Part 1, Comparative summary statistics; Railway transport. Part 2, Financial and employment statistics; Railway transport. Part 3, Equipment, tract and fuel statistics; Railway transport. Part 4, Operating and traffic statistics; and, Railway transport. Part 5, Freight carried by principal commodity classes. |
| 692 | 07|2gccst|aRail transport |
| 692 | 07|2gccst|aRailway networks |
| 710 | 1 |aCanada.|bDominion Bureau of Statistics.|bTransportation Division. |
| 710 | 1 |aCanada. |bDominion Bureau of Statistics. |bTransportation Section. |
| 780 | 00|tStatistics of steam railways of Canada |w(CaOODSP)9.817533 |
| 785 | 00|tRailway transport. |w(CaOODSP)9.817607 |
| 785 | 00|tRailway transport. |w(CaOODSP)9.817619 |
| 785 | 00|tRailway transport. |w(CaOODSP)9.817623 |
| 785 | 00|tRailway transport. |w(CaOODSP)9.817644 |
| 785 | 00|tRailway transport. |w(CaOODSP)9.817560 |